Les Enfoirés 2016 : Toutes les chansons - Statistiques

Statistiques générales
  • Ce quiz a été pris 17 fois
  • Le résultat moyen est 11 sur 16
Statistiques - réponses
Hint Réponse % Correct
2) Clown
83%
1) Et moi je chante
83%
16) La chanson des Restos
83%
8) Le jerk
83%
15) Liberté
83%
9) Marie
83%
6) Jour 1
75%
5) Formidable
67%
12) La mère à titi
67%
11) Parler à mon père
67%
3) Si maman si
67%
13) Andalouse
58%
10) Chandelier
58%
7) La poupée
58%
4) Le pénitencier
58%
14) Présentation des musiciens
42%
Aucun quiz correspondant
Distribution des résultats
% des personnes avec chaque résultat
Percentile par nombre de réponses
Votre historique - résultats
Vous n’avez pas pris ce quiz